[Event "Titled Tue 17th Jun Late"]
[Site "chess.com INT"]
[Date "2025.06.17"]
[Round "11"]
[White "Sharankov, Grigory"]
[Black "Yazici, Ugur Doga"]
[Result "0-1"]
[WhiteTitle "CM"]
[BlackTitle "CM"]
[WhiteElo "2238"]
[BlackElo "2161"]
[WhiteFideId "4168356"]
[BlackFideId "6363342"]
[EventDate "2025.06.17"]

1. e4 e6 2. d4 d5 3. e5 c5 4. c3 Bd7 5. Nf3 Qb6 6. Be2 Bb5 7. dxc5 Bxc5 8. b4
Bxf2+ 9. Kf1 Bc6 10. a4 a5 11. b5 Bd7 12. c4 Ne7 13. Nc3 O-O 14. Bg5 Nf5 15.
cxd5 Ne3+ 16. Bxe3 Bxe3 17. Qd3 Bh6 18. g4 Qe3 19. Qxe3 Bxe3 20. Kg2 Rc8 21. Ra3
Bc5 22. Rb3 Bb4 23. Rc1 exd5 24. Nd4 Be6 25. Nxe6 fxe6 26. Na2 Rxc1 27. Nxc1 Nd7
28. Nd3 Be7 29. b6 Rc8 30. Rb5 Rc2 31. Kf1 Kf7 32. Rxa5 Nxb6 33. Ra7 Nc4 34.
Rxb7 Ne3+ 35. Ke1 Ke8 36. a5 Bh4+ 0-1

[Event "Titled Tue 17th Jun Late"]
[Site "chess.com INT"]
[Date "2025.06.17"]
[Round "11"]
[White "Graif, William"]
[Black "Tang, Andrew"]
[Result "0-1"]
[WhiteTitle "FM"]
[BlackTitle "GM"]
[WhiteElo "2211"]
[BlackElo "2529"]
[WhiteFideId "2609835"]
[BlackFideId "2059630"]
[EventDate "2025.06.17"]

1. e4 e6 2. d4 d5 3. Be3 dxe4 4. f3 Nf6 5. fxe4 Nxe4 6. Bd3 Qh4+ 7. g3 Nxg3 8.
Bf2 Bd6 9. Qf3 Nd7 10. hxg3 Qe7 11. Nc3 Nf6 12. O-O-O Bd7 13. Qxb7 O-O 14. Qf3
h6 15. Be3 Nh7 16. Ne4 Rab8 17. Ne2 Bc6 18. Qh5 f5 19. Qg6 Be8 20. Qxh7+ Kxh7
21. Ng5+ Kg8 22. Rh2 hxg5 23. Rdh1 Bg6 24. d5 exd5 25. Bd2 g4 26. Nd4 Rfe8 27.
Nc6 Qd7 28. Nxb8 Rxb8 29. c4 dxc4 30. Bxc4+ Kf8 31. Rh8+ Ke7 32. Rxb8 Qc6 33.
Bg5+ Kd7 34. b3 Qxh1+ 35. Kb2 Qf3 36. Rd8+ Kc6 37. a4 Be5+ 38. Ka3 Bd6+ 39. Kb2
Qf2+ 40. Kc3 Be5+ 41. Kb4 Qe1+ 42. Ka3 Qa1+ 43. Kb4 Bc3# 0-1

[Event "Titled Tue 17th Jun Late"]
[Site "chess.com INT"]
[Date "2025.06.17"]
[Round "11"]
[White "Lisenkov, Svyatoslav"]
[Black "Bratovic, Blaz"]
[Result "1-0"]
[WhiteTitle "CM"]
[BlackTitle "IM"]
[WhiteElo "2283"]
[BlackElo "2319"]
[WhiteFideId "34264183"]
[BlackFideId "14603551"]
[EventDate "2025.06.17"]

1. e4 c5 2. Nf3 d6 3. Be2 Nc6 4. Nc3 Nf6 5. O-O e6 6. Re1 Be7 7. d3 O-O 8. h3
Rb8 9. a4 a6 10. Bf4 b5 11. axb5 axb5 12. e5 Nd5 13. Nxd5 exd5 14. d4 dxe5 15.
Nxe5 Nxd4 16. Bd3 Rb6 17. Ra7 Bd6 18. Nxf7 Rxf7 19. Rxf7 Kxf7 20. Qh5+ Kf8 21.
Qxh7 Be6 22. Qh8+ Bg8 23. Bh7 Kf7 24. Bxd6 Rxd6 25. Bxg8+ Qxg8 26. Re7+ Kxe7 27.
Qxg8 Ne6 28. Qb8 b4 29. h4 Rd7 30. g3 d4 31. Qe5 c4 32. Kf1 d3 33. cxd3 cxd3 34.
Ke1 d2+ 35. Kd1 b3 36. h5 Rd6 37. f4 Kd7 38. f5 Nc7 39. Qxg7+ Kc6 40. h6 Na6 41.
h7 Nc5 42. h8=Q Ne4 43. Qc8+ Kb5 44. Qgb7+ Rb6 45. Qcc6+ Kb4 46. Qbxb6# 1-0

[Event "Titled Tue 17th Jun Late"]
[Site "chess.com INT"]
[Date "2025.06.17"]
[Round "11"]
[White "Watanabe, Akira"]
[Black "Ferrara, Enzo"]
[Result "0-1"]
[WhiteTitle "FM"]
[WhiteElo "2284"]
[BlackElo "2138"]
[WhiteFideId "7000227"]
[BlackFideId "137731"]
[EventDate "2025.06.17"]

1. d4 f5 2. g3 Nf6 3. Bg2 g6 4. c3 Bg7 5. Qb3 d5 6. Nf3 O-O 7. Nbd2 c5 8. O-O
Nc6 9. dxc5 e5 10. c4 d4 11. Qa3 a5 12. b3 e4 13. Ne1 Ng4 14. Bb2 Nb4 15. h3
Nxf2 16. Rxf2 e3 17. Nf1 exf2+ 18. Kxf2 Qe7 19. Rd1 Qxc5 20. Nd3 Nxd3+ 21. exd3
Qxa3 22. Bxa3 Re8 23. Bd5+ Kh8 24. Nd2 Ra6 25. Nf3 a4 26. b4 Rd6 27. Ng5 Rxd5
28. cxd5 Bf6 29. Nf7+ Kg7 30. Nd6 Rd8 31. Nxc8 Rxc8 32. Rc1 Rxc1 33. Bxc1 Be5
34. h4 Kf7 35. a3 Ke7 36. Kf3 Kd6 37. Bf4 Kxd5 38. Bg5 Ke6 39. Bd8 Bd6 40. Bb6
Kd5 41. Bd8 Bxb4 42. axb4 a3 43. Bg5 a2 0-1

[Event "Titled Tue 17th Jun Late"]
[Site "chess.com INT"]
[Date "2025.06.17"]
[Round "11"]
[White "Demirtas, Alper"]
[Black "Fikiet, Alex"]
[Result "1-0"]
[WhiteTitle "CM"]
[WhiteElo "2205"]
[BlackElo "2151"]
[WhiteFideId "44576781"]
[BlackFideId "2052717"]
[EventDate "2025.06.17"]

1. Nf3 d5 2. d4 Bf5 3. c4 e6 4. Qb3 Nc6 5. cxd5 Qxd5 6. Qxd5 exd5 7. Bf4 Nb4 8.
Na3 c6 9. Nh4 Be6 10. e3 h6 11. Nf3 g5 12. Be5 f6 13. Bg3 Ne7 14. Kd2 Nf5 15.
Nc2 h5 16. a3 Nxc2 17. Kxc2 Kd7 18. h4 Nxg3 19. fxg3 g4 20. Nd2 Bd6 21. Bd3 Bxg3
22. e4 Rhf8 23. Raf1 Bd6 24. Rf2 dxe4 25. Nxe4 f5 26. Ng5 Bg3 27. Rff1 f4 28.
Nxe6 Kxe6 29. Bg6 Rad8 30. Rd1 Rd5 31. Kc3 Kf6 32. Be4 Rd6 33. Rhf1 Rfd8 34. Rd3
Kg7 35. Rfd1 Bxh4 36. Rf1 Bg5 37. b4 Bf6 38. Rxf4 Rxd4 39. Kc2 1-0

[Event "Titled Tue 17th Jun Late"]
[Site "chess.com INT"]
[Date "2025.06.17"]
[Round "11"]
[White "Askarov, Bakhtiyar"]
[Black "Domingo Nunez, Alejandro"]
[Result "1-0"]
[WhiteTitle "IM"]
[BlackTitle "FM"]
[WhiteElo "2297"]
[BlackElo "2340"]
[WhiteFideId "13701100"]
[BlackFideId "22245561"]
[EventDate "2025.06.17"]

1. Nf3 g6 2. g3 Bg7 3. Bg2 Nf6 4. O-O O-O 5. c4 d6 6. b3 c5 7. Bb2 Nbd7 8. d3
Rb8 9. Nc3 a6 10. e3 b5 11. Qe2 Bb7 12. Rfd1 Qa5 13. e4 bxc4 14. dxc4 Nxe4 15.
Nxe4 Bxb2 16. Qxb2 Bxe4 17. Ng5 Bxg2 18. Kxg2 Qb4 19. Qc2 Qb7+ 20. Kg1 Nf6 21.
Re1 Rfe8 22. Re2 Ng4 23. Rae1 h6 24. Ne4 Ne5 25. Qc3 Qb4 26. Qe3 Kg7 27. f4 Nc6
28. Rd1 Nd4 29. Rf2 f5 30. Nc3 e5 31. Nd5 Qb7 32. Kh1 Re6 33. g4 fxg4 34. fxe5
Rxe5 35. Qg3 Rxd5 36. cxd5 Qxd5+ 37. Kg1 Nf3+ 38. Qxf3 Qxf3 39. Rxf3 gxf3 40.
Rxd6 a5 41. Kf2 a4 42. bxa4 Rb2+ 43. Kxf3 Rxh2 44. Rd7+ Kf8 45. Rd6 Kf7 46. Ke4
Rxa2 47. Ke5 Re2+ 48. Kd5 Ra2 49. Ra6 h5 50. Kxc5 h4 51. Kd4 h3 52. Ke3 h2 53.
Ra7+ Kg8 54. Ra8+ Kg7 55. Ra7+ Kh6 56. Ra8 1-0

[Event "Titled Tue 17th Jun Late"]
[Site "chess.com INT"]
[Date "2025.06.17"]
[Round "11"]
[White "Zlatin, Alexander"]
[Black "Toktomushev, Teimur"]
[Result "0-1"]
[WhiteTitle "FM"]
[BlackTitle "FM"]
[WhiteElo "2313"]
[BlackElo "2390"]
[WhiteFideId "2810549"]
[BlackFideId "14176726"]
[EventDate "2025.06.17"]

1. e4 c5 2. Nf3 e6 3. Nc3 a6 4. d4 cxd4 5. Nxd4 b5 6. Be3 Bb7 7. f3 Nf6 8. Be2
Qc7 9. O-O Bc5 10. Qd2 Nc6 11. Ndxb5 Bxe3+ 12. Qxe3 axb5 13. Nxb5 Qb8 14. Qc5
Ra5 15. a4 Ba6 16. b4 Bxb5 17. Bxb5 Qa7 18. Qxa7 Rxa7 19. Bxc6 dxc6 20. c4 Ke7
21. a5 Rb8 22. Rfb1 Ne8 23. e5 Nc7 24. Kf2 Rab7 25. a6 Ra7 26. b5 cxb5 27. cxb5
Rxb5 28. Rxb5 Nxb5 29. Rb1 Nc7 30. Rb7 Rxb7 31. axb7 Na6 32. Ke3 Kd7 33. f4 Kc7
34. f5 Kxb7 35. f6 g6 36. Kf4 h6 37. h4 Kc6 38. h5 g5+ 39. Ke4 Kc5 40. g4 Nb4
41. Ke3 Kd5 42. Kd2 Nc6 43. Ke3 Nxe5 44. Kf2 Nd7 45. Kg3 Nxf6 46. Kf2 Ke5 47.
Kf3 Kd4 48. Kg3 Ke4 49. Kh3 Kf4 50. Kh2 Nxg4+ 51. Kh3 Nf6 52. Kh2 Nxh5 53. Kh3
e5 54. Kh2 e4 55. Kh3 e3 56. Kg2 Ng3 57. Kg1 Kf3 58. Kh2 e2 59. Kg1 e1=Q+ 60.
Kh2 Qh1# 0-1

[Event "Titled Tue 17th Jun Late"]
[Site "chess.com INT"]
[Date "2025.06.17"]
[Round "11"]
[White "Ivashentseva, Dominika"]
[Black "Dauer, Andre Leonardo"]
[Result "1-0"]
[WhiteTitle "WCM"]
[BlackTitle "CM"]
[WhiteElo "1969"]
[BlackElo "2138"]
[WhiteFideId "34331050"]
[BlackFideId "2126915"]
[EventDate "2025.06.17"]

1. d4 e6 2. c4 d5 3. Nf3 c6 4. g3 f5 5. Bg2 Nf6 6. O-O Bd6 7. Qc2 O-O 8. c5 Bc7
9. Nc3 Nbd7 10. b4 e5 11. dxe5 Nxe5 12. Nd4 Ne4 13. Bf4 Qe7 14. f3 Nxc3 15. Qxc3
g5 16. Bd2 Nc4 17. e4 Nxd2 18. Qxd2 dxe4 19. fxe4 f4 20. Qd3 Bd7 21. Qc4+ Kh8
22. g4 Be5 23. Rad1 Bxg4 24. Rd3 Rad8 25. h3 Bh5 26. Nf5 Qf6 27. Bf3 Bg6 28.
Rfd1 Bxf5 29. exf5 Rxd3 30. Qxd3 Qxf5 31. Qxf5 Rxf5 32. Rd7 b6 33. Bxc6 bxc5 34.
bxc5 Bc3 35. Bd5 h6 36. c6 Bd4+ 37. Kg2 f3+ 38. Bxf3 Rc5 39. Rxd4 Rc1 40. Rd8+
Kg7 41. Rd7+ Kf6 42. c7 Ke6 43. Rh7 h5 44. Bb7 Rxc7 45. Rxc7 1-0

[Event "Titled Tue 17th Jun Late"]
[Site "chess.com INT"]
[Date "2025.06.17"]
[Round "11"]
[White "Clawitter, Craig"]
[Black "Garcia Hernandez, Rebeca"]
[Result "1-0"]
[BlackTitle "WCM"]
[WhiteElo "2050"]
[BlackElo "1904"]
[WhiteFideId "2023105"]
[BlackFideId "5180872"]
[EventDate "2025.06.17"]

1. e4 c5 2. Nf3 a6 3. c3 Nf6 4. e5 Nd5 5. d4 cxd4 6. Bc4 Nb6 7. Bb3 Nc6 8. cxd4
e6 9. O-O d6 10. Bg5 Be7 11. Bxe7 Qxe7 12. Nc3 O-O 13. Bc2 Rd8 14. Qe2 d5 15.
Rac1 Bd7 16. b3 Rac8 17. Qd3 g6 18. Qe3 Kg7 19. h4 Be8 20. h5 Nd7 21. Qf4 Nf8
22. Nh2 f5 23. exf6+ Qxf6 24. h6+ Kf7 25. Qxf6+ Kxf6 26. Ne2 Nb4 27. Bb1 Bb5 28.
Rxc8 Rxc8 29. Rc1 Rxc1+ 30. Nxc1 Nc6 31. Nf3 a5 32. a4 Ba6 33. Bd3 Nb4 34. Bxa6
Nxa6 35. Nd3 Nd7 36. Nde5 Nxe5 37. dxe5+ Kf7 38. Ng5+ Kg8 39. Nxe6 Nb4 40. Kf1
Nc6 41. f4 d4 42. Ke2 b6 43. Kd3 Kf7 44. Nxd4 Nb4+ 45. Kc4 1-0

[Event "Titled Tue 17th Jun Late"]
[Site "chess.com INT"]
[Date "2025.06.17"]
[Round "11"]
[White "George, Kevin"]
[Black "Kanakaris, Georgios"]
[Result "1-0"]
[WhiteTitle "IM"]
[BlackTitle "IM"]
[WhiteElo "2327"]
[BlackElo "2396"]
[WhiteFideId "10669515"]
[BlackFideId "4209460"]
[EventDate "2025.06.17"]

1. d4 Nf6 2. c4 e6 3. Nc3 Bb4 4. f3 d5 5. a3 Be7 6. e4 dxe4 7. fxe4 e5 8. d5 O-O
9. Nf3 Bg4 10. h3 Bxf3 11. Qxf3 Bc5 12. Be3 Nbd7 13. Bxc5 Nxc5 14. b4 Nb3 15.
Rd1 a5 16. Nb5 Nd4 17. Nxd4 exd4 18. Bd3 axb4 19. axb4 c5 20. O-O Nd7 21. bxc5
Qc7 22. e5 Nxe5 23. Qf4 f6 24. Qxd4 Nxd3 25. Rxd3 Rac8 26. c6 bxc6 27. d6 c5 28.
Qd5+ Qf7 29. d7 Qxd5 30. Rxd5 Rcd8 31. Rfd1 Rf7 32. Kf2 Re7 33. Kf3 Kf7 34. Rd6
Re5 35. R6d5 Ke6 36. Rxe5+ fxe5 37. Ke4 h5 38. Rd5 Rxd7 39. Rxd7 Kxd7 40. Kxe5
Kc6 41. Ke6 h4 42. Ke5 Kb6 43. Kd6 1-0

[Event "Titled Tue 17th Jun Late"]
[Site "chess.com INT"]
[Date "2025.06.17"]
[Round "11"]
[White "Vaganian, Rafael A"]
[Black "Shermuhammadov, Samandar"]
[Result "1-0"]
[WhiteTitle "GM"]
[BlackTitle "FM"]
[WhiteElo "2449"]
[BlackElo "2110"]
[WhiteFideId "13300016"]
[BlackFideId "14205602"]
[EventDate "2025.06.17"]

1. d4 c5 2. d5 d6 3. Nc3 g6 4. e4 Bg7 5. Nf3 Nf6 6. Be2 O-O 7. O-O e6 8. Nd2
exd5 9. exd5 a6 10. a4 Re8 11. Nc4 Ne4 12. Nxe4 Rxe4 13. c3 b6 14. Bd3 Re7 15.
Bg5 f6 16. Bf4 Bb7 17. Nxd6 Bxd5 18. Bxg6 Be6 19. Bf5 Bxf5 20. Nxf5 Rd7 21. Qg4
Kh8 22. Rad1 Bf8 23. Nh6 Bxh6 24. Bxh6 Qg8 25. Qf3 Qd8 26. Rxd7 Nxd7 27. Rd1 Ra7
28. Qg4 Qg8 29. h3 Qxg4 30. hxg4 Kg8 31. f4 Kf7 32. g5 f5 33. Kf2 c4 34. g4 fxg4
35. Kg3 Nc5 36. Rd6 Nxa4 37. f5 Ke7 38. Re6+ Kd7 39. Re2 Kd6 40. g6 hxg6 41.
fxg6 Ra8 42. Kxg4 b5 43. g7 a5 44. Kf5 b4 45. cxb4 axb4 46. Kf6 c3 47. bxc3 Nxc3
48. Rd2+ Kc5 49. Kf7 Ra7+ 50. Kg6 Ra6+ 51. Kh7 Ra7 52. Be3+ Kc4 53. Bxa7 1-0

[Event "Titled Tue 17th Jun Late"]
[Site "chess.com INT"]
[Date "2025.06.17"]
[Round "11"]
[White "Gumularz, Szymon"]
[Black "Lysyj, Igor"]
[Result "1-0"]
[WhiteTitle "GM"]
[BlackTitle "GM"]
[WhiteElo "2605"]
[BlackElo "2582"]
[WhiteFideId "1188062"]
[BlackFideId "4150120"]
[EventDate "2025.06.17"]

1. d4 d5 2. c4 e6 3. Nc3 c5 4. e3 dxc4 5. Bxc4 Nf6 6. Nf3 a6 7. O-O b5 8. Bb3
Bb7 9. e4 cxd4 10. Nxd4 Nbd7 11. Be3 Bb4 12. a4 O-O 13. axb5 axb5 14. Rxa8 Qxa8
15. Ndxb5 Bxe4 16. Nxe4 Qxe4 17. Bc2 Qh4 18. h3 Bc5 19. Bxc5 Nxc5 20. Qd6 Qb4
21. Nd4 Nd3 22. Qxb4 Nxb4 23. Bb1 Rd8 24. Nf3 g6 25. Rc1 Nfd5 26. g3 Kg7 27. Ne5
Rb8 28. Be4 Rb6 29. h4 f6 30. Nd7 Rb5 31. Rc8 Kf7 32. Rh8 Kg7 33. Ra8 f5 34. Bg2
Nf6 35. Bf1 Rd5 36. Nxf6 Kxf6 37. Rb8 Rd4 38. b3 h6 39. Bc4 Nd5 40. Kf1 g5 41.
h5 g4 42. Rg8 Ke5 43. Rg6 Nf6 44. Rxh6 Rd8 45. Ke2 Ra8 46. Rg6 Ra2+ 47. Kf1 Ne4
48. Rxe6+ Kd4 49. h6 Rxf2+ 50. Kg1 Rf3 51. Kh2 Rf2+ 52. Kh1 Ra2 53. h7 Ra8 54.
Rxe4+ Kxe4 55. Bg8 Kf3 56. h8=Q 1-0

[Event "Titled Tue 17th Jun Late"]
[Site "chess.com INT"]
[Date "2025.06.17"]
[Round "11"]
[White "Swara Lakshmi S Nair"]
[Black "Przybylski, Wojciech"]
[Result "1/2-1/2"]
[WhiteTitle "WCM"]
[BlackTitle "FM"]
[WhiteElo "2187"]
[BlackElo "2340"]
[WhiteFideId "25629239"]
[BlackFideId "1117599"]
[EventDate "2025.06.17"]

1. e4 c5 2. Nf3 d6 3. d4 cxd4 4. Nxd4 Nf6 5. Nc3 a6 6. h3 e5 7. Nf3 Be7 8. g4
O-O 9. Be3 Nc6 10. g5 Nh5 11. Nxe5 dxe5 12. Qxh5 Nd4 13. Bd3 g6 14. Qd1 Bxg5 15.
Nd5 Be6 16. Rg1 Bxe3 17. fxe3 Bxd5 18. exd4 Bxe4 19. dxe5 Qh4+ 20. Kd2 Bxd3 21.
cxd3 Qf4+ 22. Kc2 Qxe5 23. Rc1 Rac8+ 24. Kb1 Rxc1+ 25. Qxc1 Qf5 26. Qe3 Rd8 27.
Rd1 h5 28. a3 Kg7 29. Ka1 Rd6 30. d4 Re6 31. Qc3 h4 32. d5+ Rf6 33. d6 Qd7 34.
Qe5 b5 35. Rd4 a5 36. Kb1 b4 37. axb4 axb4 38. Rxb4 Qxd6 39. Qxd6 Rxd6 40. Rxh4
Rd3 41. Kc2 Rg3 42. b4 Kf6 43. b5 Ke6 44. b6 Kd6 45. Rb4 Rg2+ 46. Kc3 Rg3+ 47.
Kc2 Rg2+ 48. Kb3 Rg3+ 49. Ka4 Rg1 50. Kb5 Kd7 51. Ka6 Kc8 52. Rc4+ Kb8 53. Re4
Ra1+ 54. Kb5 Rb1+ 55. Kc6 Rc1+ 56. Kb5 f5 57. Re8+ Kb7 58. Re7+ Kb8 59. Re8+ Kb7
60. Re7+ Kb8 61. Re8+ 1/2-1/2

[Event "Titled Tue 17th Jun Late"]
[Site "chess.com INT"]
[Date "2025.06.17"]
[Round "11"]
[White "Shapiro, Daniel"]
[Black "Thake, Conrad"]
[Result "1/2-1/2"]
[WhiteTitle "FM"]
[BlackTitle "CM"]
[WhiteElo "2284"]
[BlackElo "1873"]
[WhiteFideId "2001780"]
[BlackFideId "5602947"]
[EventDate "2025.06.17"]

1. d4 Nf6 2. c4 e6 3. g3 Bb4+ 4. Bd2 Qe7 5. Nc3 c5 6. dxc5 O-O 7. Nf3 Na6 8. Bg2
Nxc5 9. Qc2 Bxc3 10. Bxc3 Nce4 11. O-O Nxc3 12. Qxc3 d5 13. Ne5 Bd7 14. Nxd7
Qxd7 15. cxd5 Nxd5 16. Qd4 Rfd8 17. Rfd1 Qe7 18. Qe4 Rac8 19. a3 b6 20. Qa4 h6
21. Rd2 Rc5 22. Rad1 Rcc8 23. Qd4 Nf6 24. Qxd8+ Rxd8 25. Rxd8+ Kh7 26. R8d2 Qc5
27. e4 h5 28. h3 a5 29. Bf3 g6 30. Kg2 Kg7 31. Re1 b5 32. Bd1 b4 33. a4 Qe5 34.
f4 Qc5 35. Bc2 Qc6 36. Kf3 h4 37. g4 Qc4 38. Re3 Qc5 39. g5 Nh5 40. Bb3 Ng3 41.
Rdd3 Nf1 42. Re2 Qg1 43. Rg2 Qc5 44. Rd1 Ne3 45. Rdg1 Nxg2 46. Rxg2 Qd4 47. Re2
Qd3+ 48. Re3 Qf1+ 49. Kg4 Qg2+ 50. Kxh4 Qf2+ 51. Rg3 Qxf4+ 52. Rg4 Qf2+ 53. Rg3
Qf4+ 54. Rg4 Qf2+ 55. Rg3 Qf4+ 1/2-1/2

[Event "Titled Tue 17th Jun Late"]
[Site "chess.com INT"]
[Date "2025.06.17"]
[Round "11"]
[White "Beulen, Marcel"]
[Black "Ferriz Barrios, Andres"]
[Result "0-1"]
[WhiteTitle "FM"]
[BlackTitle "FM"]
[WhiteElo "2359"]
[BlackElo "2102"]
[WhiteFideId "1001450"]
[BlackFideId "5104467"]
[EventDate "2025.06.17"]

1. e4 c5 2. Nf3 d6 3. Bc4 Nf6 4. d3 g6 5. O-O Bg7 6. Bb3 O-O 7. h3 b5 8. c3 a5
9. Nbd2 Bb7 10. Re1 Nfd7 11. d4 a4 12. Bc2 b4 13. Bxa4 bxc3 14. bxc3 Nc6 15.
Bxc6 Bxc6 16. Bb2 Qb6 17. Qc2 Rfc8 18. d5 Ba4 19. Qc1 c4 20. Ba3 Qa6 21. Bb4 Bh6
22. Qb2 Rab8 23. a3 Nc5 24. Nd4 Nd3 25. Qa2 Nxe1 26. Rxe1 Bg7 27. N2f3 Qb7 28.
Qd2 Qd7 29. Qf4 h6 30. h4 Rf8 31. h5 g5 32. Qg3 Kh7 33. Nf5 Bf6 34. N3d4 Rg8 35.
Qg4 Rb6 36. Re3 e6 37. dxe6 fxe6 38. Ng3 e5 39. Ndf5 Rd8 40. Kh2 d5 41. exd5 Bc2
42. d6 Rf8 43. Ne4 Rf7 44. Kg3 Bh8 45. f3 Qxf5 46. Qxf5+ Rxf5 47. d7 Rb8 48. Ba5
Rff8 49. Nc5 e4 50. fxe4 Be5+ 51. Kh3 Rb5 52. Rf3 Ra8 53. Bb6 Rxb6 54. Rf7+ Kg8
55. Ne6 Rxe6 0-1

[Event "Titled Tue 17th Jun Late"]
[Site "chess.com INT"]
[Date "2025.06.17"]
[Round "11"]
[White "Vazelakis, Dimitrios"]
[Black "Lazaro Azcutia, Miguel"]
[Result "0-1"]
[BlackTitle "CM"]
[WhiteElo "1857"]
[BlackElo "2275"]
[WhiteFideId "4203674"]
[BlackFideId "54538254"]
[EventDate "2025.06.17"]

1. d4 d5 2. Nf3 Nf6 3. g3 c6 4. Bg2 Bf5 5. O-O h6 6. c4 e6 7. Qb3 Qb6 8. Nc3
Nbd7 9. Re1 Be7 10. Ne5 O-O 11. Qxb6 axb6 12. e4 dxe4 13. Nxd7 Nxd7 14. Nxe4 Nf6
15. Nc3 Rfd8 16. Be3 Bb4 17. Red1 Bc2 18. Rd2 Bf5 19. Rdd1 Ra6 20. Ne2 Be4 21.
a3 Be7 22. Bf4 Bxg2 23. Kxg2 Bd6 24. h4 Kf8 25. Kf3 Ke8 26. g4 Ke7 27. Bxd6+
Rxd6 28. g5 hxg5 29. hxg5 Ne8 30. Rh1 Ra4 31. b3 Ra8 32. a4 c5 33. Rhd1 Rad8 34.
Ke3 f6 35. gxf6+ gxf6 36. f3 Ng7 37. Ke4 Nf5 38. d5 Ng7 39. f4 f5+ 40. Ke3 exd5
41. cxd5 Rxd5 42. Rxd5 Rxd5 43. Nc3 Rd4 44. Nb5 Re4+ 45. Kf3 Rb4 0-1

[Event "Titled Tue 17th Jun Late"]
[Site "chess.com INT"]
[Date "2025.06.17"]
[Round "11"]
[White "Leenhouts, Koen"]
[Black "Ernst, Luca"]
[Result "1-0"]
[WhiteTitle "GM"]
[BlackTitle "FM"]
[WhiteElo "2476"]
[BlackElo "2215"]
[WhiteFideId "1008439"]
[BlackFideId "45117055"]
[EventDate "2025.06.17"]

1. e4 e5 2. Nf3 Nc6 3. Bb5 a6 4. Ba4 f5 5. d3 fxe4 6. dxe4 Nf6 7. Nc3 Bb4 8. Bb3
Bxc3+ 9. bxc3 h6 10. Nh4 Na5 11. Ng6 Nxb3 12. axb3 Rg8 13. Nxe5 Qe7 14. Bf4 d6
15. Nd3 Qxe4+ 16. Kf1 Bd7 17. f3 Qe6 18. Qe1 O-O-O 19. Qxe6 Bxe6 20. Kf2 g5 21.
Bd2 Bf5 22. g4 Bxd3 23. cxd3 Rgf8 24. Kg3 Nd5 25. Rhe1 Rd7 26. Re4 Rdf7 27. Rf1
Kd7 28. c4 Nf4 29. Bxf4 Rxf4 30. Rxf4 Rxf4 31. Re1 b5 32. h4 bxc4 33. dxc4 Rd4
34. hxg5 hxg5 35. Re3 a5 36. Kh3 a4 37. bxa4 Rxc4 38. Ra3 Kc6 39. a5 Kb7 40. a6+
Ka7 41. Kg3 d5 42. Re3 Kxa6 43. Re5 d4 44. Rxg5 c5 45. Rd5 Rc1 46. g5 Rg1+ 47.
Kf2 Kb5 48. Kxg1 1-0

[Event "Titled Tue 17th Jun Late"]
[Site "chess.com INT"]
[Date "2025.06.17"]
[Round "11"]
[White "Mizzi, Jack"]
[Black "Haydon, David L"]
[Result "1/2-1/2"]
[WhiteTitle "CM"]
[BlackTitle "FM"]
[WhiteElo "2107"]
[BlackElo "2284"]
[WhiteFideId "5602521"]
[BlackFideId "415405"]
[EventDate "2025.06.17"]

1. d4 Nf6 2. c4 e6 3. Nf3 b6 4. g3 Bb7 5. Bg2 Bb4+ 6. Nbd2 Bxd2+ 7. Bxd2 d6 8.
O-O Nbd7 9. b4 O-O 10. a4 c5 11. dxc5 dxc5 12. b5 Qe7 13. Qc2 Be4 14. Qb2 h6 15.
Bc3 Rfd8 16. Rad1 a6 17. Ne5 Bxg2 18. Kxg2 Nxe5 19. Bxe5 axb5 20. axb5 Ra4 21.
Bxf6 gxf6 22. Rxd8+ Qxd8 23. Qc2 Qa8+ 24. Kg1 Ra2 25. Qd3 Kg7 26. Qd6 Qe4 27.
Qxb6 Qxc4 28. Qc6 Rxe2 29. b6 Rb2 30. b7 Qb5 31. b8=Q Qxb8 32. Qxc5 Re2 33. Qh5
Re5 34. Qg4+ Rg5 35. Qe2 Qb4 36. Kg2 h5 37. Rd1 h4 38. Qf3 Rf5 39. Qe3 Qb7+ 40.
f3 h3+ 41. Kxh3 Rxf3 42. Qe2 Rf5 43. Rd4 Rg5 44. Rg4 Qd5 45. Rxg5+ fxg5 46. Qb2+
Kg6 47. Qh8 Qf3 48. Qg8+ Kf6 49. Qd8+ Kf5 50. Qa5+ e5 51. Qxe5+ Kg6 52. Qxg5+
Kxg5 1/2-1/2

[Event "Titled Tue 17th Jun Late"]
[Site "chess.com INT"]
[Date "2025.06.17"]
[Round "11"]
[White "Firouzja, Alireza"]
[Black "Niemann, Hans Moke"]
[Result "0-1"]
[WhiteTitle "GM"]
[BlackTitle "GM"]
[WhiteElo "2766"]
[BlackElo "2736"]
[WhiteFideId "12573981"]
[BlackFideId "2093596"]
[EventDate "2025.06.17"]

1. Nf3 d5 2. g3 Nf6 3. Bg2 e6 4. O-O Be7 5. d3 O-O 6. Nbd2 Nc6 7. e4 dxe4 8.
dxe4 e5 9. c3 Be6 10. Qe2 Nd7 11. Nc4 h6 12. Rd1 Qe8 13. Ne3 Nb6 14. Nd5 Rc8 15.
Be3 Nd7 16. b4 b6 17. a4 Bxd5 18. exd5 Ncb8 19. a5 f5 20. axb6 axb6 21. Bd2 Bd6
22. c4 Qh5 23. Bf1 Nf6 24. Nh4 Qxe2 25. Bxe2 Ne4 26. Be1 g5 27. Nxf5 Rxf5 28.
Bd3 Nxg3 29. hxg3 Rf6 30. Be2 Nd7 31. Bg4 Rd8 32. Bc3 Nf8 33. Kg2 Ng6 34. Re1
Kg7 35. Ra7 Rf7 36. Be6 Re7 37. Bf5 Rf8 38. Be4 h5 39. Bd2 Ref7 40. Re2 g4 41.
Ra4 h4 42. Be1 h3+ 43. Kh2 Ne7 44. Bc2 Nf5 45. Bxf5 Rxf5 46. Re4 Rxf2+ 47. Bxf2
Rxf2+ 48. Kg1 Rg2+ 49. Kh1 Rxg3 50. c5 bxc5 51. bxc5 Bxc5 52. Rxg4+ Rxg4 53.
Rxg4+ Kf6 54. Kh2 Kf5 55. Rh4 e4 56. Kxh3 e3 57. Rh8 Ke4 58. Rh4+ Kd3 0-1

[Event "Titled Tue 17th Jun Late"]
[Site "chess.com INT"]
[Date "2025.06.17"]
[Round "11"]
[White "Guerra Mendez, Jose Angel"]
[Black "Tamames Soria, Cesar Manuel"]
[Result "1-0"]
[WhiteTitle "GM"]
[BlackTitle "IM"]
[WhiteElo "2478"]
[BlackElo "2221"]
[WhiteFideId "3508129"]
[BlackFideId "3529169"]
[EventDate "2025.06.17"]

1. e4 d5 2. exd5 Nf6 3. d4 Bg4 4. Bb5+ Nbd7 5. Be2 Bxe2 6. Qxe2 Nxd5 7. Nf3 e6
8. O-O Bd6 9. c4 N5f6 10. Nc3 O-O 11. Bg5 c6 12. Rfd1 Qa5 13. a3 Qf5 14. Bh4
Rfe8 15. Bg3 Bxg3 16. hxg3 c5 17. dxc5 Nxc5 18. Nd4 Qg6 19. b4 Ncd7 20. Ndb5
Red8 21. Rd6 a6 22. Nd4 h5 23. Nf3 Ne8 24. Rd4 Ndf6 25. Ne5 Qf5 26. Rf4 Qg5 27.
Nf3 Qg6 28. Ne4 Nxe4 29. Rxe4 Nf6 30. Re5 Qd3 31. c5 Qxe2 32. Rxe2 Rd3 33. Ne5
Rd5 34. Nc4 Rad8 35. Kf1 Rd1+ 36. Re1 Rxe1+ 37. Kxe1 Rd4 38. Rc1 Nd5 39. Nd6 b6
40. c6 Nc7 41. Nc8 b5 42. Nb6 Rd3 43. Rd1 Rxa3 44. Rd8+ Kh7 45. Rd7 Ra1+ 46. Ke2
Ra2+ 47. Kf3 Nd5 48. Nxd5 exd5 49. Rxd5 Rc2 50. Rc5 Rb2 51. c7 Rxb4 52. c8=Q
Rb3+ 53. Rc3 1-0